| 000 | 00809nam a2200241 a 4500 | ||
|---|---|---|---|
| 001 | 000026003 | ||
| 003 | DO-SdBNP | ||
| 005 | 20240302073957.0 | ||
| 007 | ta | ||
| 008 | 110225s1986 dr a 000 0bspa d | ||
| 040 |
_aDO-SdBNP _bspa _cBNPHU |
||
| 082 |
_a923.57293 _bG633B _222 |
||
| 100 | 1 |
_aBáez Díaz, Tomás, _d1909-2006 _936059 |
|
| 245 | 1 | 0 |
_aMáximo Gómez : _bel libertador / _cTomás Báez Díaz. |
| 260 |
_aSanto Domingo : _bPublicaciones América, _c1986. |
||
| 300 |
_a220 p. ; _c21 cm. |
||
| 590 | _aInventariado, 2023 / DG | ||
| 600 | 1 | 0 |
_aGómez, Máximo, _d1836-1905 _912249 |
| 651 | 4 |
_aCuba _xHistoria _yGUERRA DE LOS DIEZ AÑOS, 1868-1878 _911018 |
|
| 651 | 4 |
_aCuba _xHistoria _yGUERRA DE INDEPENDENCIA, 1895-1898 _911019 |
|
| 910 | _aValidado. Control de calidad BNPHU | ||
| 942 |
_2ddc _cLBS1 |
||
| 999 |
_c25495 _d25495 |
||